000 00550nam a22001937a 4500
999 _c16265
_d16265
003 OSt
005 20210525160503.0
008 160129b xxu||||| |||| 00| 0 eng d
020 _a9780070445321
040 _aMMU
_cMMU
_beng
_dMMU
050 _aHF5548.32
_b.W45 2000
100 _aWhiteley,David
245 _ae-Commerce :
_bstrategy,technology and application/
_cDavd Whiteley.
260 _aNew Delhi :
_bTata McGraw-Hill,
_c2000.
300 _axvi,259 p. :
_bill.:
504 _aIncludes index.
650 _ae-commerce
942 _2lcc
_cLOAN LOAN